000 01079nam a22002417a 4500
999 _c63790
_d63790
005 20240530110659.0
008 171225s2015 ua a g b 000 0dara d
017 _a2015/10134
_bمصر. دار الكتب
020 _a9789779202822
040 _aEG-CaGPL
_cEG-CaGPL
082 0 4 _221
_a962.064
_bق/ن ع
100 1 _aنيف ، دونالد
245 1 0 _aعاصفة على السويس 1956 :
_bايزنهاور ياخذ امريكا الى الشرق الاوسط /
_cدونالد نيف ؛ ترجمة وتعليق وتقديم عبدالرءوف احمد عمرو .
250 _aط.1
260 _aالقاهرة :
_bالمركز القومى للترجمة ،
_c2015 .
300 _a713 ص. :
_bصور ؛
_c24 سم.
490 _aالمركز القومى للترجمة ؛
_v2265
650 0 7 _2qrmak
_aالاعتداء الثلاثى على مصر
651 0 7 _2qrmak
_aالسويس
_xالاحوال السياسية
700 0 _aعبدالرءوف احمد عمرو
_eمترجم ومقدم
942 _2ddc
_cBK